Yu-Gi-Oh! Number cards quiz - Statistics

General Stats
  • This quiz has been taken 46 times
  • The average score is 37 of 109
Answer Stats
NUMBER Answer % Correct
number 39 utopia
81%
number 1 numeron gate ekam
63%
number 11 big eye
59%
number 9 dyson sphere
52%
number 107 galaxy-eyes tachyon dragon
52%
number 32 shark drake
52%
number 6 chronomaly atlandis
48%
number 15 gimmick puppet giant grinder
48%
number 40 gimmick puppet of strings
48%
number 17 leviathan dragon
48%
number 7 lucky straight
48%
number 16 shock master
48%
number 73 abyss splash
44%
number 5 doom chimera dragon
44%
number 106 giant hand
44%
number 20 giga brilliant
44%
number 10 illumiknight
44%
number 100 numeron dragon
44%
number 4 numeron gate catvari
44%
number 30 acid golem of destruction
41%
number 33 chronomaly machu mech
41%
number 96 dark mist
41%
number 13 embodiment of crime
41%
number 31 embodiment of punishment
41%
number 25 force focus
41%
number 62 galaxy-eyes prime photon dragon
41%
number 53 heart-earth
41%
number 92 heart-earth dragon
41%
number 54 lion heart
41%
number 2 numeron gate dve
41%
number 3 numeron gate trini
41%
number 103 ragnazero
41%
number 101 silent honor ark
41%
number 102 star seraph sentry
41%
number 34 terror-byte
41%
number 99 utopic dragon
41%
number 61 volcasaurus
41%
number 85 crazy box
37%
number 94 crystalzero
37%
number 19 freezadon
37%
number 21 frozen lady justice
37%
number 83 galaxy queen
37%
number 88 gimmick puppet of leo
37%
number 56 gold rat
37%
number 18 heraldry patriarch
37%
number 104 masquerade
37%
number 66 master key beetle
37%
number 44 sky pegasus
37%
number 79 battlin' boxer nova kaiser
33%
number 105 battlin' boxer star cestus
33%
number 58 burner visor
33%
number 65 djinn buster
33%
number 46 dragluon
33%
number 49 fortune tune
33%
number 14 greedy sarameya
33%
number 8 heraldic king genom-heritage
33%
number 86 heroic champion
33%
number 70 malevolent sin
33%
number 74 master of blades
33%
number 71 rebarian shark
33%
number 80 rhapsody in berserk
33%
number 72 shogi rook
33%
number 28 titanic moth
33%
number 22 zombiestein
33%
number 98 antitopian
30%
number 36 chronomaly chateau huyuk
30%
number 59 crooked cook
30%
number 52 diamond crab king
30%
number 95 galaxy-eyes dark matter dragon
30%
number 90 galaxy-eyes photon lord
30%
number 38 hope harbinger dragon titanic galaxy
30%
number 37 hope woven dragon spider shark
30%
number 43 manipulator of souls
30%
number 47 nightmare shark
30%
number 84 pain gainer
30%
number 67 pair-a-dice smasher
30%
number 48 shadow lich
30%
number 77 the seven sins
30%
number 91 thunder spark dragon
30%
number 93 utopia kaiser
30%
number 41 bagooska the terribly tired tapir
26%
number 89 diablosis the mind hacker
26%
number 97 draglubion
26%
number 27 dreadnought dreadnoid
26%
number 42 galaxy tomahawk
26%
number 55 gogogo goliath
26%
number 82 heartlanddraco
26%
number 29 mannequin cat
26%
number 87 queen of the night
26%
number 35 ravenous tarantula
26%
number 64 ronin raccoon sandayu
26%
number 26 spaceway octobypass
26%
number 75 bamboozling gossip shadow
22%
number 50 blackship of corn
22%
number 24 dragulas the vampiric dragon
22%
number 60 dugares the timeless
22%
number 51 finisher the strong arm
22%
number 76 harmonizer gradielle
22%
number 78 number archive
22%
number C1000 numerounius
22%
number 57 tri-head dust dragon
22%
number 45 crumble logos the prophet of demolition
19%
number 68 sanaphond the sky prison
19%
number 69 heraldy crest
15%
number 81 superdreadnought rail cannon super dora
15%
number 0 future hope
11%
number 23 lancelot, dark knight of underworld
11%
number 63 shamoji solider
11%
number 12 armored ninja crimson shadow
7%
No matching quizzes found
Score Distribution
Percent of People with Each Score
Percentile by Number Answered
Your Score History
You have not taken this quiz